000 00374nam a22001577a 4500
020 _a9780007293216
082 _a823
_bAGA/B
100 _aAgatha Christie
245 _aBody in the Library/
_cby Agatha Christie
260 _aLondon:
_bHarper,
_c2002.
300 _a272p.
650 _aNovel English
650 _aLiterature English
650 _aLiterature
942 _cBK
999 _c54687
_d54687